| 000 | 00647nam a2200229 i 4500 | ||
|---|---|---|---|
| 001 | bgj | ||
| 100 | 1 |
_aTUBBS, Stewart L. _d(1943- ) |
|
| 245 | 1 | 0 |
_aHuman communication / _cStewart L. Tubbs ; Sylvia Moss. |
| 250 | _a6th edition. | ||
| 260 |
_aNew York [etc.] : _bMcGraw-Hill, Inc., _cc. 1991. |
||
| 300 |
_aXV, 490 pp : _bill. ; _c24 cm. |
||
| 504 | _aBibliography p. 447-469. | ||
| 505 | _aIncludes index. | ||
| 650 | 9 | _aCommunication | |
| 700 | 1 |
_aMOSS, Sylvia _d(1937- ). _eco-author |
|
| 020 | _a0070654042 | ||
| 040 | _cBPK | ||
| 041 | 0 | _aeng | |
| 920 | _a0-07-065404-2 | ||
| 942 | _cKS | ||
| 008 | s uk f |000 0 eng | ||
| 999 |
_c47720 _d47720 |
||
| 856 |
_uhttp://koha.tu.koszalin.pl/cgi-bin/koha/opac-detail.pl?biblionumber=47720 _yKatalog online BPK |
||